| 000 | 00523nam a22001937a 4500 | ||
|---|---|---|---|
| 003 | CEME | ||
| 005 | 20210628201820.0 | ||
| 008 | 210106b xxu||||| |||| 00| 0 eng d | ||
| 020 | _a9781849203005 | ||
| 040 | _c. | ||
| 082 | _a658.4012 KUM | ||
| 100 |
_aKumar, Ranjit _921115 |
||
| 245 | _aResearch methodology,a step by step guide for beginners | ||
| 260 |
_aLONDON _bSAGE _c2011 |
||
| 300 | _a460P | ||
| 490 | _a3RD | ||
| 650 |
_aRESEARCH METHODOLOGY - A STEP BY STEP GUIDE FOR BEGINNERS _956946 |
||
| 942 |
_cBK _2ddc |
||
| 999 |
_c567263 _d567263 |
||